| 000 | 00770nam a2200193Ia 4500 | ||
|---|---|---|---|
| 003 | GCL | ||
| 008 | 140319s9999 xx 000 0 ara d | ||
| 040 |
_aGCL / _cGCL |
||
| 082 | 0 | 4 |
_a953.07391 _bا ت |
| 100 | 1 | _aابوالفرج الاصفهانى: على بن الحسين بن محمد بن الهيثم عبدالرحمن بن مروان البغدادى | |
| 245 | 1 | 0 |
_aتاريخ دولة السلجوقة / _cابوالفرج الاصفهانى: على بن الحسين بن محمد بن الهيثم عبدالرحمن بن مروان البغدادى |
| 300 | _a287 ص | ||
| 490 | _a | ||
| 650 | 0 | 4 | _aايران |
| 650 | 0 | 4 | _aالتاريخ الاسلامى |
| 650 | 0 | 4 | _aالدولة السلجوقية |
| 650 | 0 | 4 | _aالسلاجقة |
| 942 |
_2ddc _cBK |
||
| 999 |
_c43960 _d43960 |
||